000 00272nam a2200133Ia 4500
008 230818s2007 xx 000 0 und d
041 _aeng
100 _aDisoza
245 _aShikshan vichar
260 _c2007
300 _a466p
520 _aMisc
999 _c852736
_d852736
650 _aGeneral